000 00281nam a22001217a 4500
005 20230718145707.0
008 230718b ||||| |||| 00| 0 eng d
040 _cAL
041 _aeng
245 _aMines act 1952
260 _aLucknow
_bEastern Book Co.
_c2000
942 _2ddc
_cBK
999 _c227963
_d227963